01371nam a2200253 i 4500003000900000005001700009007000300026008004100029040003000070082001400100245004900114264003800163300003900201336002700240337003300267338002800300490001900328500007400347505052200421650005000943650004400993650005801037710002201095DO-SdBNP20250207073535.0ta220922e200? dr a|||er|||| 00| 0 spa d aDO-SdBNPbspacBNPHUerda 4222bF723m00aFormación metodológica:bintroducción. aSanto Domingo :bInfotep,c[200?] avolumen :bilustraciones ;c27 cm. 2rdacontentatextobtxt 2rdamediaasin mediaciónbn 2rdacarrieravolumenbnc0 aHabilitación aLa biblioteca posee: volumen 1, 3, 4, 5, 6, 8, 6, 11, 12 y volumen13. avolumen 1.tIntroducción.gvolumen 3.tEl Proceso de Enseñanza -Aprendizaje.gvolumen 4.tLa Motivación en el Proceso Enseñanza- Aprendizaje.gvolumen 5.tLa Comunicación en el Proceso Enseñanza - Aprendizaje.gvolumen 6.tPlanificación Didáctica 1.gvolumen 8.tMétodos y Técnica Didácticas 1.gvolumen 9.tEstructuración de Contenido.gvolumen 11.tEstrategias de Evaluación del Proceso Enseñanza - Aprendizaje.gvolumen 12tGestión Administrativa.gvolumen 13tPráctica Didáctica. 4aEducación TécnicazRepública Dominicana 4aPedagogía xTécnicas de Enseñanza 4aAprendizaje OrganizacionalxTécnicas de Enseñanza2 aINFOTEP (Agencia)